000 00195 a2200097 4500
020 _a9780590445061
041 _aeng
100 _apaulette Bourgeois
245 _afranklin in the Dark
942 _cK
999 _c31311
_d31309